BENCHMARKING OF IMPORT CLEARANCE PROCESS OF US AND PAKISTAN TO FIND POTENTIAL IMPROVEMENTS/ (Record no. 609337)

000 -LEADER
fixed length control field 00572nam a22001697a 4500
003 - CONTROL NUMBER IDENTIFIER
control field NUST
038 ## - RECORD CONTENT LICENSOR
Staff Name Nusrat Nadeem
082 ## - DEWEY DECIMAL CLASSIFICATION NUMBER
Classification number 200
100 ## - MAIN ENTRY--PERSONAL NAME
Personal name Arshad, Nauman
245 ## - TITLE STATEMENT
Title BENCHMARKING OF IMPORT CLEARANCE PROCESS OF US AND PAKISTAN TO FIND POTENTIAL IMPROVEMENTS/
Statement of responsibility, etc. Nauman Arshad,
264 ## - PRODUCTION, PUBLICATION, DISTRIBUTION, MANUFACTURE, AND COPYRIGHT NOTICE
Place of production, publication, distribution, manufacture Islamabad,
Name of producer, publisher, distributor, manufacturer NBS NUST,
Date of production, publication, distribution, manufacture, or copyright notice 2024.
300 ## - PHYSICAL DESCRIPTION
Other physical details ill;
Dimensions 30,cm.
Extent 78,p;
650 ## - SUBJECT ADDED ENTRY--TOPICAL TERM
Topical term or geographic name entry element MS Operations and Supply Chain
700 ## - ADDED ENTRY--PERSONAL NAME
Personal name Supervisor:Dr. Kamran Khalid
856 ## - ELECTRONIC LOCATION AND ACCESS
Uniform Resource Identifier <a href="http://10.250.8.41:8080/xmlui/handle/123456789/43515">http://10.250.8.41:8080/xmlui/handle/123456789/43515</a>
942 ## - ADDED ENTRY ELEMENTS (KOHA)
Source of classification or shelving scheme
Koha item type Thesis
Holdings
Withdrawn status Permanent Location Current Location Date acquired Full call number Barcode Koha item type
  Central Library (CL) Central Library (CL) 05/28/2024 200 CL-T-7146 Thesis
© 2023 Central Library, National University of Sciences and Technology. All Rights Reserved.